00524nam a22002057a 450000500170000001000150001702000260003203500140005803700090007208200110008110000190009224500640011126000540017527000560022930000210028570000030030670000030030970000030031270000030031520250218125334.0 aENG-143846 c410.00a9789354424311 aEN-127378 bDBAD a306.01 aNAIR Rajesh V. aLiterary/Cultural Theory/cBy Rajesh V. NairbLife Writing  aTelanganabOrient Blackswan Private Limitedc2024 a3-6-752 Himayatnagar , HyderabadbTelenganae500029 a124pg.c22cm(pb)